Представление документа в формате RUSMARC

ПолеНазваниеЗначение
  Тип записи a
  Библиографический уровень a
001 Контрольный номер RU/CBS_UL/BASE/c27abef3d12f46f59a64adbe5c2e9e62
005 Дата корректировки 20260312182514.6
100 Данные общей обработки __
a Данные общей обработки 20260312 ||| 0rusy0189 ca
101 Язык документа 0_
a Язык текста rus
102 Страна публикации __
a Страна публикации RU
200 Заглавие и сведения об ответственности 1_
a Заглавие Иван Айвазовский и Анна Саркисова. Больше чем портрет
e Сведения, относящиеся к заглавию [о художнике И. Айвазовском и его второй жене А. Саркисовой]
f Первые сведения об ответственности Е. Петрова
300 Общие примечания __
a Общие примечания 16+
461 Уровень набора _0
1 2000
a Дарья. Биография
463 Уровень физической единицы _0
1 2000
a № 2
v С. 14-15 : фот., ил.
1 2101
d 2026
1 001RU/CBS_UL/BASE/5745292b1ddd4125abeeaecd6b96289f
600 Персоналии _1
a Персоналии (Фамилия) Айвазовский
b Персоналии (Имя, инициалы) И.К.
600 Персоналии _1
a Персоналии (Фамилия) Саркисова
b Персоналии (Имя, инициалы) А.Н.
606 Тематические рубрики 0_
a Основная рубрика Айвазовский, Иван Константинович (1817-1900)
610 Ключевые слова 0_
a Ключевые слова живописцы, русские живописцы, графики, маринисты, коллекционеры, меценаты, жёны художников, картины, Сбор фруктов в Крыму (картины)
686 Индексы других классификаций __
2 Код системы rubbk
a Классификационный индекс 85.143(2)1
700 Автор _1
a Фамилия Петрова
b Имя (инициалы) Е.
801 Источник записи _0
a Страна RU
b Организация МБУК ЦБС г. Ульяновска
c Дата составления 20260312
g Правила каталогизации RCR
801 Источник записи _1
a Страна RU
b Организация МБУК ЦБС г. Ульяновска
c Дата составления 20260312
g Правила каталогизации RCR
901 Тип документа __
t Тип документа b
w Контрольный № источника RU/CBS_UL/BASE/5745292b1ddd4125abeeaecd6b96289f
909 Создатель записи __
a Создатель записи lib1